| 000 | 01724nam0a2200337 i 4500 | ||
|---|---|---|---|
| 001 | RU\NLR\bibl\1939170 | ||
| 005 | 20260406150559.0 | ||
| 010 |
_a9785876612038 _9300 |
||
| 021 |
_aRU _b2012-58501 _94278 |
||
| 035 | _a(nilc)LIBNET\0000260951 | ||
| 035 | _a(NLR Aleph) 001928456 | ||
| 090 |
_a3402422 _c3402422 |
||
| 100 | _a20120726d2012 u y0rusy50 ca | ||
| 101 | 0 | _arus | |
| 102 | _aRU | ||
| 105 | _aa ||||||||| | ||
| 200 | 1 |
_aКоми пединститут: новый этап развития, 1945-1972 _eсборник документов, материалов, воспоминаний _fМ-во образования и науки Российской Федерации, Коми гос. пед. ин-т, Музей истории ин-та _g[редкол.: М. Д. Китайгородский (гл. ред.) и др.] |
|
| 210 |
_aСыктывкар _cКоми пединститут _d2012 |
||
| 215 |
_a671 с., [26] л. ил., портр. _cтабл. _d25 |
||
| 320 | _aИмен. указ.: с. 625-670 | ||
| 601 | 0 | 2 |
_aКоми государственный педагогический институт _cСыктывкар, город _xИстория _92280460 _3RU\NLR\auth\661366324 |
| 686 |
_a74.489 _vLBC/M _2rubbk |
||
| 686 | _aЧ489.514(2Р)714г | ||
| 702 | 1 |
_aКитайгородский _bМ. Д. _f1963- _gМихаил Дмитриевич _4340 |
|
| 712 | 0 | 2 |
_4570 _aКоми государственный педагогический институт _cСыктывкар _9347884 _3RU\NLR\AUTH\889926044 |
| 801 | 0 |
_aRU _bНБР Коми _c20120726 _grcr |
|
| 801 | 1 |
_aRU _bНБР Коми _c20120726 |
|
| 801 | 2 |
_aRU _bNLR _c20120830 _grcr |
|
| 942 | _cBOOK | ||
| 980 | _aNBR | ||